| 000 | 00438nam a22001457a 4500 | ||
|---|---|---|---|
| 082 |
_a388.049 _bSHA _cD |
||
| 110 |
_aShaw, L. Nicola _938581 |
||
| 245 | _aConcessions in Transport | ||
| 526 |
_a0 _b0 _c0 _d388_049000000000000_SHA |
||
| 526 |
_a0 _b0 _c0 _d388_049000000000000_SHA |
||
| 526 |
_a0 _b0 _c0 _d388_049000000000000_SHA |
||
| 526 |
_a0 _b0 _c0 _d388_049000000000000_SHA |
||
| 526 |
_a0 _b0 _c0 _d388_049000000000000_SHA |
||
| 942 |
_2ddc _cBK |
||
| 999 |
_c543210 _d543210 |
||